| 000 | 00000nam##2200000za#4500 |
| 001 | 9.640906 |
| 003 | CaOODSP |
| 005 | 20210624222910 |
| 007 | cr ||||||||||| |
| 008 | 150407|2005||||xxc|||||o f|0| 0 fre|d |
| 040 | |aCaOODSP|bfre |
| 043 | |an-cn--- |
| 086 | 1 |aFo4-14/7-2005F-PDF |
| 110 | 1 |aCanada.|bRessources naturelles Canada. |bService canadien des forêts. |
| 245 | 13|aLa forêt boréale : |h[ressource électronique]|bun héritage mondial / |c[publié par] Association forestière canadienne. |
| 246 | 17|aTrousse d’enseignement de l’Association forestière canadienne |
| 260 | |aOttawa - Ontario : |bRessources naturelles Canada. |c[2005]. |
| 300 | |a56p.|bill. |
| 500 | |a«Trousse d'enseignement». |
| 520 | 3 |aOffre aux enseignants les outils nécessaires pour mieux faire comprendre au jeune peuple la valeur des forêts et l'importance de les protéger et de les conserver. |
| 590 | |a12-40-Supp|b2012-10-23 |
| 691 | 07|aÉcosystème boréal|2gcpds |
| 691 | 07|aGestion forestière|2gcpds |
| 775 | 08|tThe boreal forest : |w(CaOODSP)9.696803 |
| 776 | 0#|tLa forêt boréale : |w(CaOODSP)9.684247 |
| 856 | 40|ahttp://publications.gc.ca|qPDF|s2.20 Mo|uhttps://publications.gc.ca/collections/collection_2012/rncan-nrcan/Fo4-14-7-2005-fra.pdf |